El teorema de Gödel
Gardado en:
| Autor Principal: | |
|---|---|
| Outros autores: | |
| Formato: | Libro |
| Idioma: | Lingua castelá |
| Publicado: |
Madrid
Tecnos
1970
|
| Series: | Estructura y Función
|
| Subjects: | |
| Tags: |
Engadir etiqueta
Sen Etiquetas, Sexa o primeiro en etiquetar este rexistro!
|
MARC
| LEADER | 00000nam a2200000 a 4500 | ||
|---|---|---|---|
| 001 | UCZ5896 | ||
| 003 | CL-VaPUC | ||
| 008 | 951127e19700000SP |||||||||||||||||spa|d | ||
| 082 | 0 | 4 | |a 511.3 |b NAG |2 21 |
| 100 | |a Nagel, Ernest |e autor |9 322426 | ||
| 700 | |a Newman, James R. |e autor |9 302190 | ||
| 245 | 1 | 3 | |a El teorema de Gödel |
| 300 | |a 140 p | ||
| 942 | |c BK | ||
| 945 | |d 19951127 00:00:00 |a rbrito | ||
| 260 | |a Madrid |b Tecnos |c 1970 | ||
| 600 | 0 | |a Gödel, Kurt Friedrich |9 269759 | |
| 650 | 0 | |a Lógica matemática |9 262442 | |
| 650 | 0 | |a Matemática |9 260235 | |
| 650 | 0 | |a Lógica |9 256849 | |
| 650 | 7 | |a TEOREMAS |2 CL-VaPUC |9 350068 | |
| 583 | |a last modification |c 19951127 00:00:00 |k Rodrigo Vera | ||
| 490 | 0 | |a Estructura y Función | |
| 999 | |c 242173 |d 242171 | ||
| 952 | |0 0 |1 0 |4 0 |6 511_300000000000000_NAG_1970 |7 0 |8 P |9 254930 |a BIBARQ |b BIBARQ |d 2019-11-19 |i 3155862 |o 511.3 NAG 1970 |p 3155862 |r 2025-01-20 |w 2019-11-19 |y BK |k ARQ | ||